000 00437nam a22001457a 4500
082 _a327.174
_bBLA
_cL-7, p-18
100 _aBLACKETT P.M.S
_937792
245 _aMILITARY AND POLITICAL CONSEQUENCES OF ATOMIC ENERGY
_cP.M,S. Blackett
260 _aLondon
_bTurnstile Press Ltd
_c1948
300 _avii, 222p.:
526 _a0
_b0
_c0
_d327_174000000000000_BLA
650 _aMCE
_9379
700 _aBlackett, P.M.S.
_937793
942 _2ddc
_cBK
999 _c542574
_d542574